00736nam a2200253 a 4500001001300000003000900013005001700022008004100039020000900080082002000089100002100109245003400130260003100164300000800195500003500203505002400238650003500262650001300297700002100310902000800331942000700339952011900346999001700465nice12345678IN_TiNIC20260116013338.0050524s1997 dela grp 000 0 eng  ac1000a324.245408bKUL aKulkarni, Dileep aSaffron Thinking Green Living aDelhi bRainbow Pub c1997 a28p aincludes index and biblioraphy2 aBibliography, Index aReligious Fundamentalism-Hindu aHindutva1 aKulkarni, Dileep bSRS cBK 001040708StackRoom-aHMIbHMId2007-04-11g10.00l0o324.245408 KULp017857r2007-04-11v10.00w2005-05-24yBK c10638d10638